Kľúčom na oživenie ekonomiky je bankový sektor B. Schmögnerová nesúhlasí s tvrdením o nekonkrétnom programe

Podrobná bibliografia
Ďalší autori: Višváder, Peter (Tazateľ)
Médium: Článok
Jazyk:slovenčina
Fyzický popis:Fotogr.
ISSN:0862-9567
Predmet:

MARC

LEADER 00000nab a2200000 a 4500
001 vtls000674377
003 SK-MaSNL
005 20260426072249.0
008 140228c1998 xo 0 slo
015 |a SNBRB1998/11-23905 
035 |a CLN000026553 
040 |a SNKBUCL  |b slo  |c SNKBUCL  |e AACR2 
041 0 |a slo 
044 |a xo  |c SK 
080 |a 338.1(437.6):339.732(100)  |2 1997 
080 |a 339.732(100)  |2 1997 
100 1 |a Višváder, Peter  |4 ivr  |9 267696 
245 1 0 |a Kľúčom na oživenie ekonomiky je bankový sektor  |b B. Schmögnerová nesúhlasí s tvrdením o nekonkrétnom programe  |c [zhováral sa] Peter Višváder 
300 |b Fotogr. 
610 2 7 |a Medzinárodný menový fond  |2 SNKKA  |9 16743 
650 0 7 |a ekonomika  |2 SNKPH  |9 789 
651 7 |a Slovensko  |2 SNKPHgeo  |9 14231 
655 7 |a články z novín a časopisov  |2 snkbucl  |9 267496 
700 1 |a Schmögnerová, Brigita,  |d 1947-  |4 ive  |9 116153 
773 0 |t Hospodárske noviny  |g Roč. 6, č. 228 (26.11.1998), s. 1 a 3  |x 0862-9567 
850 |a Slovenská národná knižnica v Martine 
852 |a SNK  |b KIS3GCP 
958 |a SK 
992 |a RBX 
999 |c 2686848  |d 2688778